Analyzing electoral history : (Record no. 9395)
[ view plain ]
| 000 -LEADER | |
|---|---|
| fixed length control field | 01793cam a2200337 a 4500 |
| 001 - CONTROL NUMBER | |
| JCCL Control Number | 9395 |
| 003 - CONTROL NUMBER IDENTIFIER | |
| JCCL marc code | BD-JhCC |
| 005 - DATE AND TIME OF LATEST TRANSACTION | |
| control field | 20180313182647.0 |
| 008 - FIXED-LENGTH DATA ELEMENTS--GENERAL INFORMATION | |
| fixed length control field | 810624s1981 caua b 001 0 eng |
| 020 ## - INTERNATIONAL STANDARD BOOK NUMBER | |
| International Standard Book Number | 0803916736 |
| 020 ## - INTERNATIONAL STANDARD BOOK NUMBER | |
| International Standard Book Number | 0803916744 (pbk.) |
| 035 ## - SYSTEM CONTROL NUMBER | |
| system control number | (BD-JhCC)9395 |
| 040 ## - CATALOGING SOURCE | |
| Original cataloging agency | DLC |
| Transcribing agency | DLC |
| Modifying agency | DLC |
| -- | BD-JhCC |
| 041 ## - LANGUAGE CODE | |
| Language code of Book | eng |
| 050 00 - LIBRARY OF CONGRESS CALL NUMBER | |
| Classification number | JK1967 |
| Item number | .A84 |
| 082 00 - DEWEY DECIMAL CLASSIFICATION NUMBER | |
| Classification number | 324.973092 |
| DDC Edition number | 19 |
| Author mark and Year | ANA 1981 |
| 245 00 - TITLE STATEMENT | |
| Title | Analyzing electoral history : |
| Remainder of title | a guide to the study of American voter behavior / |
| Statement of responsibility, etc | edited by Jerome M. Clubb, William H. Flanigan, Nancy H. Zingale. |
| 260 ## - PUBLICATION, DISTRIBUTION, ETC. (IMPRINT) | |
| Place of publication, distribution, etc | Beverly Hills : |
| Name of publisher, distributor, etc | Sage Publications, |
| Date of publication, distribution, etc | c1981. |
| 300 ## - PHYSICAL DESCRIPTION | |
| Pagination | 310 p. : |
| Other physical details | ill. ; |
| Dimensions | 23 cm. |
| 490 0# - SERIES STATEMENT | |
| Series statement | Sage focus editions ; |
| Volume number/sequential designation | 33 |
| 504 ## - BIBLIOGRAPHY, ETC. NOTE | |
| Bibliography, etc | Includes bibliographical references and index. |
| 505 0# - FORMATTED CONTENTS NOTE | |
| Formatted contents note | Computer-readable data sources / Michael W. Traugott, Jerome M. Clubb, and Erik W. Austin -- Printed sources / Walter Dean Burnham -- Aggregate units of analysis / Erik W. Austin, Jerome M. Clubb, and Michael W. Traugott -- Demographic and compositional change / Jerome M. Clubb, Erik W. Austin, and Michael W. Traugott -- Estimating voter participation / Ray M. Shortridge -- Vote fraud and data validity / Howard W. Allen and Kay Warren Allen -- Summarizing quantitative data / William H. Flanigan and Nancy H. Zingale -- Relationships among variables / William H. Flanigan and Nancy H. Zingale -- Group data and individual behavior / Gudmund R. Iversen. |
| 650 #0 - SUBJECT ADDED ENTRY--TOPICAL TERM | |
| Topical term or geographic name as entry element | Voting research |
| Geographic subdivision | United States. |
| 650 #0 - SUBJECT ADDED ENTRY--TOPICAL TERM | |
| Topical term or geographic name as entry element | Elections |
| Geographic subdivision | United States |
| General subdivision | History. |
| 700 1# - ADDED ENTRY--PERSONAL NAME | |
| Personal name | Clubb, Jerome M., |
| Dates associated with a name | 1928- |
| 700 1# - ADDED ENTRY--PERSONAL NAME | |
| Personal name | Flanigan, William H. |
| 700 1# - ADDED ENTRY--PERSONAL NAME | |
| Personal name | Zingale, Nancy H. |
| 856 42 - ELECTRONIC LOCATION AND ACCESS | |
| Materials specified | Publisher description |
| Uniform Resource Identifier | http://www.loc.gov/catdir/enhancements/fy0660/81009162-d.html |
| 942 ## - ADDED ENTRY ELEMENTS (KOHA) | |
| Source of classification or shelving scheme | Dewey Decimal Classification |
| Koha item type | Books |
| Source of classification or shelving scheme | Damaged status | Not for loan | Home library | Current library | Shelving location | Total Checkouts | Full call number | Barcode | Date last seen | Copy number | Koha item type |
|---|---|---|---|---|---|---|---|---|---|---|---|
| Dewey Decimal Classification | JCC Rouf Library | JCC Rouf Library | General Stacks | 324.973092 ANA 1981 | 12599 | 03/13/2018 | C - 1 | Books |